00624cam a22001691 450008200150000010000150001524500420003026000510007230000190012350001070014265000210024965000200027065000250029094200080031599900150032395201160033800a530.41 MAR1 aMariot, L.10aGroup theory and solid state physics. aEnglewood Cliffs, N.J.,bPrentice-Hall,c1962. a114 p.billus. aTranslation of Groupes finis de symétrie et recherche de solutions de l'équation de Schrödinger. 0aSymmetry groups. 0aWave mechanics. 0aSolid state physics. cREF c1990d1990 0010708NFICaMLCampusbMLCampuscGENd2015-09-02l0o530.41 MARp001293r2015-09-02 00:00:00w2015-09-02yREF